Statistics for Taylor Swift - Guilty as Sin? (Lyrics)

Click here to take the quiz!

General Stats

  • This quiz has been taken 52 times
  • The average score is 266 of 357

Answer Stats

Answer% Correct
a
100%
as
100%
be
100%
can
100%
guilty
100%
He
100%
how
100%
How
100%
I
100%
in
100%
In
100%
My
100%
my
100%
sin?
100%
he's
95%
if
95%
If
95%
on
95%
the
95%
to
95%
we
95%
what
95%
What
95%
written
95%
it
91%
me
91%
me,
91%
mind?
91%
"mine"
91%
only
91%
Only
91%
up
91%
upper
91%
die
86%
his
86%
never
86%
thigh
86%
thing
86%
and
82%
did
82%
"Downtown
82%
ever
82%
keep
82%
Oh,
82%
skin
82%
things
82%
way
82%
for
77%
head
77%
heard
77%
kiss
77%
kiss,
77%
long-
77%
long
77%
recalling
77%
sent
77%
so
77%
touching
77%
while
77%
you
77%
all
73%
Blue
73%
hadn't
73%
One
73%
our
73%
top
73%
Without
73%
allowed
68%
cry?
68%
Drowning
68%
Lights"
68%
lip
68%
Messy
68%
Nile
68%
of
68%
Am
64%
am
64%
him
64%
into
64%
name
64%
no
64%
was
64%
we've
64%
your
64%
are
59%
back
59%
bad?
59%
bad
59%
bedsheets
59%
crashing
59%
Crashing
59%
done
59%
falling
59%
I'm
59%
it's
59%
longings
59%
screamed
59%
slip
59%
they
59%
They
59%
vault
59%
already
55%
deep
55%
dream
55%
hedge
55%
is
55%
I've
55%
know
55%
life
55%
like
55%
locked
55%
maze
55%
paradox
55%
these
55%
These
55%
Why
55%
ablaze,
50%
bone-
50%
boredom's
50%
don't
50%
from
50%
hold
50%
just
50%
ocean
50%
somehow?
50%
Someone
50%
such
50%
This
50%
thoughts
50%
told
50%
tonight,
50%
wolves
50%
actions
45%
anyway
45%
both
45%
cage
45%
crucify
45%
haunted
45%
holy?
45%
inside
45%
Or
45%
or
45%
"There's
45%
Throwing
45%
want
45%
wise?
45%
actually
41%
believe
41%
Building
41%
cracking
41%
fantasies
41%
fine
41%
locks
41%
mad?
41%
once
41%
propriety
41%
rocks
41%
suffering
41%
talk"
41%
trysts
41%
uphold
41%
waves
41%
we'll
41%
you've
41%
does
36%
fatal
36%
feel
36%
giving
36%
gonna
36%
lowercase,
36%
make-
36%
over
36%
Taking
36%
They're
36%
visions,
36%
vow
36%
away?
32%
breath
32%
religiously
32%
stone
32%
what's
32%
grave
27%
labored
27%
roll
27%
seeing
27%
choose
23%
stunningly
23%

Score Distribution

Percentile by Number Answered

Percent of People with Each Score

Your Score History

You have not taken this quiz